LEADER 04809nam 2200661 a 450 001 9910454946303321 005 20200520144314.0 010 $a1-282-39830-X 010 $a9786612398308 010 $a90-474-4322-5 024 7 $a10.1163/ej.9789004166257.i-334 035 $a(CKB)1000000000821640 035 $a(EBL)467603 035 $a(OCoLC)592756302 035 $a(SSID)ssj0000339926 035 $a(PQKBManifestationID)11233112 035 $a(PQKBTitleCode)TC0000339926 035 $a(PQKBWorkID)10383522 035 $a(PQKB)10610152 035 $a(MiAaPQ)EBC467603 035 $a(OCoLC)249134892 035 $a(nllekb)BRILL9789047443223 035 $a(PPN)174544758 035 $a(Au-PeEL)EBL467603 035 $a(CaPaEBR)ebr10363735 035 $a(CaONFJC)MIL239830 035 $a(EXLCZ)991000000000821640 100 $a20080907d2008 uy 0 101 0 $aeng 135 $aur|n|---||||| 181 $ctxt 182 $cc 183 $acr 200 04$aThe locus of tragedy$b[electronic resource] /$fedited by Arthur Cools ... [et al.] 210 $aLeiden ;$aBoston $cBrill$d2008 215 $a1 online resource (356 p.) 225 1 $aStudies in contemporary phenomenology,$x1875-2470 ;$vv. 1 300 $aDescription based upon print version of record. 311 $a90-04-16625-4 320 $aIncludes bibliographical references. 327 $tPreliminary Materials /$rA.N.J.M. Cools , T.K.M. Crombez , J.M.J. Taels and R. Slegers -- $tIntroduction: Tragedy And Hope /$rTerry Eagleton -- $tLocus Tragicus: The Problem Of Place In Greek Tragedy /$rDavid Janssens -- $tHow To Perform The Polis? Tragedy As The Locus Of Deception /$rBram Van Oostveldt and Stijn Bussels -- $tThe Tragic Representation Of The Prince: The Political Theology Of Ernst Kantorowicz And The Theatricality Of Absolutism /$rKlaas Tindemans -- $tEarly Modern Oedipus: A Literary Approach To Christian Tragedy /$rEnrica Zanin -- $tTragédie Classique, Souveraineté Et Droit: Le Cas De Britannicus (1669) De Jean Racine /$rKarel Vanhaesebrouck -- $tModernity In Hölderlin?S Remarks On Oedipus And Antigone /$rFrans Van Peperstraten -- $tIs The Tragic Always The Tragic? Kierkegaard On Antiquity And Modernity In Shakespeare /$rAdam Wood -- $tTragedy, Community Art, And Musikorgiasmus: Examining The Language Of Nietzsche?s Die Geburt Der Tragödie /$rThomas Crombez -- $tNietzsche And The Paradox Of Tragedy /$rRobrecht Vandemeulebroecke -- $tSelfhood As The Locus Of The Tragic In Paul Ricoeur?S Soi-Même Comme Un Autre /$rArthur Cools -- $tThe Tragic Is Always The Tragic: Kierkegaard And Lacan On A Modern Antigone /$rPaul Vanden Berghe -- $tTragic Choices: Fate, Oedipus, And Beyond /$rJens De Vleminck -- $tNoises Off: On Ibsen /$rSimon Critchley -- $tThe Tragic Heroism Of Captain Ahab /$rDaniel Shaw -- $tThe Tragedy Of Having A Lover: The Crystallization Of Odette And Albertine In À La Recherche Du Temps Perdu /$rRosa Slegers -- $tIncest And Plague: Tragic Weapons Turned Against Tragedy In Artaud?s Theatre Of Cruelty /$rLaurens De Vos -- $tPrometheus Unbound: The Rebirth Of Tragedy Out Of The Spirit Of Technology /$rJos De Mul -- $tLaughing Matters: The Unstoppable Rise Of The Comic Perspective /$rJohan Taels -- $tWhat Should Be Said Of Tragedy Today? /$rDennis J. Schmidt. 330 $aAsk for the tragic and Europe will answer. Leaving behind the philosophers? enthusiasm of the nineteenth century, ?tragedy? and ?the tragic? now seem little more than vague containers. However, it appears that we still discover a tragic essence in our personal lives. Time and again tragedy is being registered, written down and staged. This book wants to open a contemporary philosophical perspective on the tragic. What is the locus of tragedy? Does it relate to metaphysics, the gods, destiny, and chance? Or is it a matter of ethics, of the Law and its transgression? Does man himself occupy the locus of tragedy, because of his unreasonable and boundless desires, as many philosophers have suggested? Is man today still able to account for his tragic condition? Or do we locate the tragic first and foremost in the esthetic imagination? Is not the theatrical genre of tragedy the locus authenticus of all things tragic? Is there more to the tragic than drama and play? 410 0$aStudies in contemporary phenomenology ;$vv. 1. 606 $aTragic, The 606 $aTragedy 608 $aElectronic books. 615 0$aTragic, The. 615 0$aTragedy. 676 $a111/.85 686 $a08.25$2bcl 701 $aCools$b Arthur$f1967-$0955331 801 0$bMiAaPQ 801 1$bMiAaPQ 801 2$bMiAaPQ 906 $aBOOK 912 $a9910454946303321 996 $aThe locus of tragedy$92161506 997 $aUNINA LEADER 03525nam 2200385z- 450 001 9910516106103321 005 20231214141225.0 035 $a(CKB)5700000000003113 035 $a(oapen)https://directory.doabooks.org/handle/20.500.12854/75180 035 $a(EXLCZ)995700000000003113 100 $a20202201d2021 |y 0 101 0 $ager 135 $aurmn|---annan 181 $ctxt$2rdacontent 182 $cc$2rdamedia 183 $acr$2rdacarrier 200 10$aG-IQI ? German Inpatient Indicators Version 5.3$eBundesreferenzwerte für das Auswertungsjahr 2019 210 $aBerlin$d2021 215 $a1 electronic resource (493 p.) 225 1 $aWorking papers in health services research 311 $a3-7983-3240-1 330 $aThe German Inpatient Quality Indicators (G-IQI) are the most comprehensive system of quality indicators based on administrative data. G-IQI allow a disease-specific monitoring of inpatient care in acute care hospitals. On the one hand, the indicators are designed to provide medically meaningful figures on hospital performance and outcomes for external users. On the other hand, the indicators serve as a tool for internal quality management and quality improvement in hospital care. The indicators may help hospitals to identify potential for improvement by comparing their own results with national figures. The indicators serve as triggers for peer reviews or morbidity and mortality conferences. Thus, the use of the indicators is essential to detect medical errors and to improve quality of care. The present working paper contains the German national reference values of the year 2019 for the G-IQI version 5.3. Reference values were calculated by using the microdata of the national hospital statistics database (DRG statistics) and are displayed for each indicator. The technical specifications of the indicators are attached in the appendix of this paper and refer to the German coding systems valid in 2021. The G-IQI version 5.3 represents a modification and expansion of the previous version 5.2. In the year of analysis 2019, the present G-IQI version 5.3 captures 52.8% of all inpatient cases and 80.0% of all in-hospital deaths. Thereby, the G-IQI version 5.3 achieves one of the highest coverages among available quality indicator systems. The national reference values of the indicators help hospitals to assess their own results as compared to national figures. Beyond that, the national reference values provide a comprehensive analysis of inpatient care in German acute care hospitals. In addition to the complete national indicator results, the age-and-sex specific mortality figures that are used to calculate expected deaths at the hospital level are displayed. Furthermore, distribution of case volume among hospitals is illustrated for selected indicators. By this means, the present working paper covers various figures which are not published by any other statistics and, thus, complements other systems of health care reporting. 517 $aG-IQI – German Inpatient Indicators Version 5.3 517 $aG-IQI ? German Inpatient Indicators Version 5.3 610 $aG-IQI 610 $aquality measurement 610 $aquality management 610 $ahospital 610 $aGerman DRG statistics 700 $aNimptsch$b Ulrike$4auth$01278512 702 $aMansky$b Thomas$4auth 906 $aBOOK 912 $a9910516106103321 996 $aG-IQI ? German Inpatient Indicators Version 5.3$93038322 997 $aUNINA